Shapes of German States - Statistics

General Stats
  • This quiz has been taken 21 times
  • The average score is 14 of 16
Answer Stats
Picture Answer % Correct
Baden-Württemberg
92%
Berlin
92%
Brandenburg
92%
Bremen
92%
Hesse
92%
Bavaria
85%
Hamburg
85%
Lower Saxony
85%
Mecklenburg-Vorpommern
85%
Saarland
85%
Saxony
85%
Schleswig-Holstein
85%
North Rhine-Westphalia
77%
Rhineland-Palatinate
77%
Saxony-Anhalt
77%
Thuringia
77%
No matching quizzes found
Score Distribution
Percent of People with Each Score
Percentile by Number Answered
Your Score History
You have not taken this quiz